Handbook of training and development for the public sector

Bibliographic Details
Main Author: Van Wart, Montgomery
Other Authors: Cayer, N. Joseph, Cook, Steve
Format: Book
Published: San Francisco : Jossey-Bass Publishers , 1993
Subjects:

MARC

LEADER 00000cam a2200000 7i4500
001 0000003480
005 20050625.0
020 |a 1555425305 
040 |a INS 
090 0 0 |a JK765.   |b V32 1993 
100 1 |a Van Wart, Montgomery 
245 1 0 |a Handbook of training and development for the public sector   |c Montgomery Van Wart 
260 |a San Francisco :   |b Jossey-Bass Publishers ,   |c 1993 
300 |a 334p ;   |c 25 cm. 
650 0 0 |a Civil service   |z United States   |x Personnel management 
650 0 0 |a Employees   |x Training of   |z United States 
650 0 0 |a Training 
700 0 |a Cayer, N. Joseph 
700 0 |a Cook, Steve 
999 |a 0000005563   |b BOOK   |c Open Shelf   |e Default branch